000 00358nam a2200145Ia 4500
008 220204s9999 xx 000 0 und d
082 _a575:58/581
_bHOH
100 _aDENNIS, E S
245 0 _aGenetic flux in plants.
260 _aNew Delhi
_bNarosa
_c1985
650 _aGenetic flux
650 _aSomaclonal variation
700 _aHOHN, B
942 _cBK
999 _c39207
_d39207